[Event "FRA-chT1 1011"]
[Site "France"]
[Date "2010.11.13"]
[Round "2.4"]
[White "Ducatez, Raphael"]
[Black "Dijon, Frederic"]
[Result "0-1"]
[WhiteElo "1944"]
[BlackElo "2081"]
[PlyCount "70"]
[EventDate "2010.10.17"]
[EventType "team-tourn"]
[EventRounds "11"]
[EventCountry "FRA"]
[SourceTitle "EXT 2012"]
[Source "ChessBase"]
[SourceDate "2011.11.24"]
[SourceVersion "1"]
[SourceVersionDate "2011.11.24"]
[SourceQuality "1"]

1. e4 Nc6 2. Nc3 Nf6 3. f4 d5 4. e5 d4 5. exf6 dxc3 6. Nf3 cxd2+ 7. Bxd2 exf6 8. Qe2+ Qe7 9. 0-0-0 Qxe2 10. Bxe2 Bc5 11. Bd3 0-0 12. a3 Nd4 13. Nxd4 Bxd4 14. Rde1 Bc5 15. b4 Bd6 16. c4 Rd8 17. Be4 c6 18. c5 Bf8 19. f5 Bd7 20. Bf4 b6 21. cxb6 axb6 22. Kb2 Rac8 23. Rc1 c5 24. bxc5 Rxc5 25. Rxc5 bxc5 26. Rd1 Re8 27. Bc2 Bc6 28. Rd2 g5 29. Bg3 h5 30. h4 c4 31. Bf2 Ra8 32. a4 Rb8+ 33. Kc1 Ba3+ 34. Kd1 Bxg2 35. Bg3 Bf3+ 0-1

[Event "Uxbridge Fischer"]
[Site "Uxbridge"]
[Date "2010.02.15"]
[Round "4"]
[White "Ducatez, Raphael"]
[Black "Bailey, Kevin J"]
[Result "1/2-1/2"]
[WhiteElo "1894"]
[BlackElo "2103"]
[PlyCount "66"]
[EventDate "2010.02.13"]
[EventType "tourn"]
[EventRounds "9"]
[EventCountry "ENG"]
[SourceTitle "CBM 135 Extra"]
[Source "ChessBase"]
[SourceDate "2010.05.04"]
[SourceVersion "1"]
[SourceVersionDate "2010.05.04"]
[SourceQuality "1"]

1. e4 e6 2. d3 d5 3. Nc3 Nf6 4. exd5 exd5 5. g3 c6 6. Bg2 Bd6 7. Nge2 0-0 8. Bg5 h6 9. Bxf6 Qxf6 10. 0-0 Bg4 11. f3 Be6 12. Qd2 Nd7 13. Rae1 Rfe8 14. Kh1 b5 15. Ng1 Nb6 16. Re2 Re7 17. Rfe1 Rae8 18. Nd1 b4 19. f4 Bg4 20. Bf3 Bd7 21. b3 Rxe2 22. Nxe2 g5 23. Rf1 Bh3 24. Bg2 Bxg2+ 25. Kxg2 g4 26. Rf2 d4 27. Nb2 Nd5 28. Nc4 Ne3+ 29. Kg1 Nxc4 30. bxc4 Re3 31. Nc1 h5 32. Re2 Rxe2 33. Nxe2 Kf8 1/2-1/2

[Event "Uxbridge Fischer"]
[Site "Uxbridge"]
[Date "2010.02.15"]
[Round "5"]
[White "Jaunooby, Ali Reza"]
[Black "Ducatez, Raphael"]
[Result "1-0"]
[WhiteElo "2171"]
[BlackElo "1894"]
[PlyCount "75"]
[EventDate "2010.02.13"]
[EventType "tourn"]
[EventRounds "9"]
[EventCountry "ENG"]
[SourceTitle "CBM 135 Extra"]
[Source "ChessBase"]
[SourceDate "2010.05.04"]
[SourceVersion "1"]
[SourceVersionDate "2010.05.04"]
[SourceQuality "1"]

1. d4 d6 2. c4 g6 3. Nc3 Bg7 4. g3 Nc6 5. d5 Ne5 6. f4 Nd7 7. e4 Ngf6 8. Bg2 0-0 9. Nge2 e5 10. f5 Nb6 11. Qd3 c6 12. 0-0 Qc7 13. dxc6 bxc6 14. b3 a5 15. Ba3 Rd8 16. Rad1 Ne8 17. c5 Ba6 18. cxd6 Qd7 19. Qe3 Nc8 20. Na4 Nexd6 21. Rd2 Qc7 22. Rfd1 Bf8 23. g4 Na7 24. Bc5 Ndb5 25. Bb6 Rxd2 26. Rxd2 Qe7 27. Bxa5 c5 28. Nb6 Re8 29. Rd7 Qh4 30. Nd5 Nc6 31. fxg6 fxg6 32. Qg3 Qg5 33. Bd2 Nbd4 34. Bxg5 Nxe2+ 35. Kf2 Bg7 36. Qf3 Rf8 37. Rxg7+ Kxg7 38. Bh6+ 1-0

[Event "Uxbridge Fischer"]
[Site "Uxbridge"]
[Date "2010.02.14"]
[Round "3"]
[White "Yurenok, Maria S"]
[Black "Ducatez, Raphael"]
[Result "0-1"]
[WhiteElo "1974"]
[BlackElo "1894"]
[PlyCount "64"]
[EventDate "2010.02.13"]
[EventType "tourn"]
[EventRounds "9"]
[EventCountry "ENG"]
[SourceTitle "CBM 135 Extra"]
[Source "ChessBase"]
[SourceDate "2010.05.04"]
[SourceVersion "1"]
[SourceVersionDate "2010.05.04"]
[SourceQuality "1"]

1. d4 d6 2. c4 g6 3. Nc3 Bg7 4. e4 Nc6 5. Nge2 e5 6. d5 Nce7 7. Ng3 f5 8. exf5 Bxf5 9. Bd3 Nf6 10. Bxf5 Nxf5 11. Nge4 h6 12. Nxf6+ Qxf6 13. Qa4+ Kf7 14. 0-0 Rhf8 15. Bd2 Kg8 16. Rae1 Rf7 17. Ne4 Qh4 18. f3 a6 19. b4 Raf8 20. c5 g5 21. Nf2 Nd4 22. Re4 Qh5 23. Qd1 Qg6 24. Be3 Nf5 25. Qb1 h5 26. Nd1 Bh6 27. Bf2 g4 28. fxg4 hxg4 29. g3 Nd4 30. Nc3 Nf3+ 31. Kg2 Nd2 32. Qd1 Nxe4 0-1

[Event "France-ch U12"]
[Site "Reims"]
[Date "2004.04.19"]
[Round "3"]
[White "Ducatez, Raphael"]
[Black "Delivre, Raphael"]
[Result "0-1"]
[WhiteElo "1570"]
[BlackElo "1831"]
[PlyCount "62"]
[EventDate "2004.04.??"]
[EventType "swiss"]
[EventRounds "9"]
[EventCountry "FRA"]
[SourceTitle "EXT 2005"]
[Source "ChessBase"]
[SourceDate "2004.11.15"]
[SourceVersion "1"]
[SourceVersionDate "2004.11.15"]
[SourceQuality "1"]

1. e4 c5 2. f4 d5 3. exd5 Qxd5 4. Nc3 Qd8 5. Bc4 Nf6 6. Nf3 e6 7. d3 a6 8. Qe2 Be7 9. Bd2 Nc6 10. 0-0-0 b5 11. Bb3 Qb6 12. a3 a5 13. Be3 Nd4 14. Nxd4 cxd4 15. Bf2 0-0 16. Ne4 a4 17. Ba2 b4 18. axb4 Qxb4 19. Be1 Qb6 20. c3 Rb8 21. Bf2 Nxe4 22. dxe4 Ba6 23. Qc2 d3 24. Qd2 Bc5 25. Bxc5 Qxc5 26. Rhf1 a3 27. b3 Rfe8 28. c4 Qd4 29. Bb1 Rxb3 30. Bxd3 Qa1+ 31. Kc2 Qb2# 0-1